00458nam a2200145 a 450000500170000000800410001702000180005805000240007610000190010024500600011926000390017930000300021852000460024865000180029420140412111302.0001117s19uu xx 00 eng d a0-590-48998-4 aM 302.222bF11 1993 aFain, Kathleen aHandsigns :cKathleen Fain.ba sign language alphabet / aNew York :bScholastic Inc,c1993. a1 v. (unp.) ; col. ; ill. a[replaced by "The Before and After Book"] aSing language